000
00298nam a2200109Ia 4500
008
171204s9999 xx 000 0 und d
245
_a
Abnormal Psychology:
245
_c
Ronald J. Comer
260
_c
2015
650
_x
ABNORMAL PSYCHOLOGY
856
_u
http://down.ebook777.com/028/AbnPsyNinEdi.pdf
999
_c
346401
_d
346401